ბათუმის შოთა რუსთაველის სახელმწიფო უნივერსიტეტის ბიბლიოთეკა

The world atlas of birds. (ბიბ.ჩანაწერი № 46931)

000 -LEADER
fixed length control field 00433nam a2200193Ia 4500
001 - CONTROL NUMBER
control field 13784
003 - CONTROL NUMBER IDENTIFIER
control field GE_BSU
008 - FIXED-LENGTH DATA ELEMENTS--GENERAL INFORMATION
fixed length control field 181216s||||||||xx |||||||||||||| ||und||
040 ## - CATALOGING SOURCE
Transcribing agency GE_BSU
080 ## - UNIVERSAL DECIMAL CLASSIFICATION NUMBER
Universal Decimal Classification number 636.5(100)
245 #4 - TITLE STATEMENT
Title The world atlas of birds.
260 ## - PUBLICATION, DISTRIBUTION, ETC.
Place of publication, distribution, etc. London.
260 ## - PUBLICATION, DISTRIBUTION, ETC.
Name of publisher, distributor, etc. CLB colour library books.
260 ## - PUBLICATION, DISTRIBUTION, ETC.
Date of publication, distribution, etc. 1974
300 ## - PHYSICAL DESCRIPTION
Extent 272p;29cm.
300 ## - PHYSICAL DESCRIPTION
Other physical details ill.
653 ## - INDEX TERM--UNCONTROLLED
Uncontrolled term The world atlas of birds.
942 ## - ADDED ENTRY ELEMENTS (KOHA)
Koha item type წიგნი
ეგზემპლარები
Withdrawn status Lost status Damaged status Not for loan Date acquired Barcode Date last seen Price effective from Koha item type
        2018-12-17 36897 2018-12-17 2018-12-17 წიგნი